Faunal diversity of chail wildlife sanctuary : (Record no. 169479)

MARC details
000 -LEADER
fixed length control field 00593nam a22001817a 4500
005 - DATE AND TIME OF LATEST TRANSACTION
control field 20191122103438.0
010 ## - LCCN (DPL NO)
LC control number ENG-126958
020 ## - INTERNATIONAL STANDARD BOOK NUMBER
International Standard Book Number 9788181715104
Terms of availability 500.00
035 ## - SYSTEM CONTROL NUMBER
System control number EN-110490
037 ## - SOURCE OF ACQUISITION
Source of stock number/acquisition DBAD/PUB
082 ## - DEWEY DECIMAL CLASSIFICATION NUMBER
Classification number 591.95452
245 ## - TITLE STATEMENT
Title Faunal diversity of chail wildlife sanctuary :
Remainder of title (district Solan,Himachal Pradesh)
260 ## - PUBLICATION, DISTRIBUTION, ETC. (IMPRINT)
Place of publication, distribution, etc New Alipore
Name of publisher, distributor, etc Zoological survey of India kolkata
Date of publication, distribution, etc 2018
270 ## - ADDRESS
Address M-Block,New Alipore
City Kolkata
Postal code 700053
300 ## - PHYSICAL DESCRIPTION
Extent 151p.
Dimensions 24cm(Hb)
Other physical details ill.
490 ## - SERIES STATEMENT
Series statement Conservation Area Series,63
942 ## - ADDED ENTRY ELEMENTS (KOHA)
Source of classification or shelving scheme Dewey Decimal Classification
Item type English Books
Classification part 591.95452
Call number suffix FAU
Holdings
Withdrawn status Lost status Not for loan Collection code Home library Current library Date acquired Source of acquisition Cost, normal purchase price Full call number Barcode Copy number Cost, replacement price Koha item type
      Non-fiction Sarojini Nagar Sarojini Nagar 21/11/2019 DBAD/PUB 500.00 591.95452 FAU EN-110490 1 500.00 English Books

© Delhi Public Library
Hit Counter
free hit counter